|
|
|
|
| LEADER |
00000cam a22000004a 4500 |
| 001 |
musev2_68941 |
| 003 |
MdBmJHUP |
| 005 |
20230905051127.0 |
| 006 |
m o d |
| 007 |
cr||||||||nn|n |
| 008 |
090327s2006 ncu o 00 0 eng d |
| 020 |
|
|
|a 9780822388586
|
| 020 |
|
|
|z 9780822338260
|
| 020 |
|
|
|z 9780822338154
|
| 035 |
|
|
|a (OCoLC)1139364481
|
| 040 |
|
|
|a MdBmJHUP
|c MdBmJHUP
|
| 245 |
0 |
0 |
|a Steve Lacy :
|b Conversations /
|c edited by Jason Weiss.
|
| 264 |
|
1 |
|a Durham [N.C.] :
|b Duke University Press,
|c 2006.
|
| 264 |
|
3 |
|a Baltimore, Md. :
|b Project MUSE,
|c 2020
|
| 264 |
|
4 |
|c ©2006.
|
| 300 |
|
|
|a 1 online resource (302 pages):
|b illustrations
|
| 336 |
|
|
|a text
|b txt
|2 rdacontent
|
| 337 |
|
|
|a computer
|b c
|2 rdamedia
|
| 338 |
|
|
|a online resource
|b cr
|2 rdacarrier
|
| 505 |
0 |
|
|a pt. I. Interviews with Steve Lacy -- pt. 2. Writings by Steve Lacy -- pt. 3. Song scores.
|
| 520 |
|
|
|a A collection of thirty-four interviews with the innovative soprano saxophonist and jazz composer Steve Lacy (1934-2004).
|
| 588 |
|
|
|a Description based on print version record.
|
| 600 |
1 |
7 |
|a Lacy, Steve.
|2 swd
|
| 600 |
1 |
7 |
|a Lacy, Steve.
|2 fast
|0 (OCoLC)fst00083264
|
| 600 |
1 |
0 |
|a Lacy, Steve.
|
| 650 |
|
7 |
|a Saxophonists.
|2 fast
|0 (OCoLC)fst01106255
|
| 650 |
|
7 |
|a Jazz musicians.
|2 fast
|0 (OCoLC)fst00982205
|
| 650 |
|
7 |
|a BIOGRAPHY & AUTOBIOGRAPHY
|x Composers & Musicians.
|2 bisacsh
|
| 650 |
|
7 |
|a MUSIC
|x Musical Instruments
|x Woodwinds.
|2 bisacsh
|
| 650 |
|
6 |
|a Musiciens de jazz
|z États-Unis
|v Entretiens.
|
| 650 |
|
6 |
|a Saxophonistes
|z États-Unis
|v Entretiens.
|
| 650 |
|
0 |
|a Jazz musicians
|z United States
|v Interviews.
|
| 650 |
|
0 |
|a Saxophonists
|z United States
|v Interviews.
|
| 651 |
|
7 |
|a United States.
|2 fast
|0 (OCoLC)fst01204155
|
| 655 |
|
7 |
|a Interviews.
|2 fast
|0 (OCoLC)fst01423832
|
| 655 |
|
7 |
|a Electronic books.
|2 local
|
| 700 |
1 |
|
|a Weiss, Jason,
|d 1955-
|
| 710 |
2 |
|
|a Project Muse.
|e distributor
|
| 830 |
|
0 |
|a Book collections on Project MUSE.
|
| 856 |
4 |
0 |
|z Texto completo
|u https://projectmuse.uam.elogim.com/book/68941/
|
| 945 |
|
|
|a Project MUSE - Custom Collection
|